000 00848nam a22001697a 4500
003 BD-ChCU
005 20241217123822.0
008 241215b bg ||||| |||| 00| 0 ben d
040 _cBD-ChCU
082 _222
_a৩০০.৫ প্রতি ৫
100 _aখান, সাদাত উল্লাহ
_eসম্পাদক
_94334
245 _a প্রতিবুদ্ধিজীবী : ২৯
_bরাজনৈতিক ইসলামধর্ম ও সাম্র াজ্যবাদ/
_cসাদাত উল্লাহ খান কর্তৃক সম্পাদিত
260 _aঢাকা :
_bবাংলা একাডেমী,
_cc২০১৭
300 _a১৭৩পৃ.
_c22 cm.
650 0 _aসমাজবিজ্ঞান সমকালীন সমকালীন
_94336
942 _2ddc
_cBK
_n0
999 _c105001
_d105001